Electron optics (Record no. 3859)

MARC details
000 -LEADER
fixed length control field 00631nam a2200229Ia 4500
003 - CONTROL NUMBER IDENTIFIER
control field IN-BaIIA
008 - FIXED-LENGTH DATA ELEMENTS--GENERAL INFORMATION
fixed length control field 211028s9999 xx 000 0 eng d
020 ## - INTERNATIONAL STANDARD BOOK NUMBER
International Standard Book Number 0-521-07928-4
040 ## - CATALOGING SOURCE
Transcribing agency IIA Library
080 ## - UNIVERSAL DECIMAL CLASSIFICATION NUMBER
Universal Decimal Classification number 537.533
Item number KLE
100 ## - MAIN ENTRY--PERSONAL NAME
Personal name Klemperer, O
9 (RLIN) 6864
245 #0 - TITLE STATEMENT
Title Electron optics
Statement of responsibility, etc. O. Klemperer andM. E. Barrett
250 ## - EDITION STATEMENT
Edition statement 3rd ed.
260 ## - PUBLICATION, DISTRIBUTION, ETC.
Place of publication, distribution, etc. Cambridge
Name of publisher, distributor, etc. Cambridge University Press
Date of publication, distribution, etc. 1971
300 ## - PHYSICAL DESCRIPTION
Extent ix, 506p.
490 ## - SERIES STATEMENT
Series statement Cambridge monographs on physics
650 ## - SUBJECT ADDED ENTRY--TOPICAL TERM
Topical term or geographic name entry element Electro-optics
9 (RLIN) 6865
650 ## - SUBJECT ADDED ENTRY--TOPICAL TERM
Topical term or geographic name entry element NASA Thesaurus
650 ## - SUBJECT ADDED ENTRY--TOPICAL TERM
Topical term or geographic name entry element Optoelectronics
9 (RLIN) 3202
700 ## - ADDED ENTRY--PERSONAL NAME
Personal name Barrett, M. E
9 (RLIN) 6866
942 ## - ADDED ENTRY ELEMENTS (KOHA)
Koha item type Books
Holdings
Withdrawn status Lost status Damaged status Not for loan Home library Current library Shelving location Date acquired Cost, normal purchase price Total Checkouts Full call number Barcode Date last seen Cost, replacement price Price effective from Koha item type Purchase Price
        IIA Library-Bangalore IIA Library-Bangalore General Stacks 18/12/1971 162.00   537.533/ KLE 4311 05/11/2021 162.00 18/12/1971 Books Rs. 162.00

Powered by Koha